[Event "83rd ESP-ch Women-ch 2018"]
[Site "Linares"]
[Date "2018.08.21"]
[Round "2"]
[White "Alshameary Puente, Ismael"]
[Black "Lopez Guerrero, Jose Miguel"]
[Result "1-0"]
[WhiteElo "2343"]
[BlackElo "2148"]
[Annotator "TA"]
[PlyCount "31"]
[EventDate "2018.08.09"]
[EventType "tourn"]
[EventCountry "ESP"]
[SourceTitle "playchess.com"]
[Source "ChessBase"]
[SourceQuality "1"]

{[%evp 10,31,78,73,139,137,144,113,115,120,234,217,191,167,226,226,283,218,815,812,789,732,718,707]} 1. d4 d6 2. Nf3 Nd7 3. e4 c5 4. c3 e6 5. Bd3 Qc7 (5... Be7 6. O-O Ngf6 7. Re1 O-O 8. Nbd2 cxd4 9. cxd4 b6 10. Nf1 Bb7 11. Ng3 Rc8 12. Qe2 Re8 13. Bd2 {½-½ (27) Fressinet,L (2696)-Vachier Lagrave,M (2715) Clichy 2011}) 6. O-O {LiveBook: 5 Games. B22: Sicilian: 2 c3} e5 $146 ({Better is} 6... Ngf6) ({Predecessor:} 6... Ngf6 7. Re1 Be7 8. e5 dxe5 9. dxe5 Nd5 10. Qa4 O-O 11. Bg5 f5 12. exf6 N7xf6 13. Nbd2 {1-0 (29) Rakesh,K (2385)-Godzwon,I (2218) Warsaw 2018}) 7. Qb3 $16 Nb6 {[#] aiming for ...c4.} 8. Na3 {White is clearly better.} Be6 9. Bb5+ Bd7 (9... Nd7 $16 {was worth a try.} 10. Nc4 cxd4) 10. dxe5 dxe5 11. Nc4 $40 {[%mdl 128] White has strong attack.} Nxc4 (11... Bxb5 $142 12. Qxb5+ Qd7 13. Qxd7+ Nxd7 14. Ncxe5 (14. Nfxe5 Nxe5 15. Nxe5 Be7 $16) 14... Nxe5) 12. Bxc4 $18 ({Don't do} 12. Qxc4 $6 O-O-O $16) 12... Bc6 13. Nxe5 {[%cal Bf3e5,Be5f7,Bf7d8][%mdl 32]} O-O-O $2 {[#]} (13... Qxe5 14. Bxf7+ Kd8) 14. Nxf7 {White is clearly winning.} Bd6 15. Be6+ Kb8 16. Nxd8 {Precision: White = 81%, Black = 29%.} 1-0

[Event "83rd ESP-ch Women-ch 2018"]
[Site "Linares"]
[Date "2018.08.21"]
[Round "2"]
[White "Alvarez Fernandez, Enrique"]
[Black "Gomez Sanjuan, Hector Fernando"]
[Result "0-1"]
[WhiteElo "2324"]
[BlackElo "2146"]
[Annotator "TA"]
[PlyCount "58"]
[EventDate "2018.08.09"]
[EventType "tourn"]
[EventCountry "ESP"]
[SourceTitle "playchess.com"]
[Source "ChessBase"]
[SourceQuality "1"]

{[%evp 13,58,-9,-3,3,0,-2,18,18,20,20,31,31,28,37,38,47,232,240,245,0,0,-32,0,0,0,-46,-57,-161,-123,-570,-552,-920,-899,-1036,-1062,-1341,-1300,-1536,-1517,-1511,-1508,-4170,-3456,-4839,-4627,-29987,-29986]} 1. d4 Nf6 2. Nf3 d5 3. Bf4 c5 4. c3 Nc6 5. dxc5 a5 6. e3 {D02: 1 d4 d5 2 Nf3 sidelines, including 2...Nf6 3 g3 and 2...Nf6 3 Bf4} (6. Na3 Nh5 7. Be3 e5 8. g3 Be7 9. Bg2 O-O 10. O-O Be6 11. Qa4 h6 12. Rad1 {0-1 (52) Demidov,M (2524)-Movsesian,S (2677) Pardubice 2017}) 6... e6 7. Bb5 Bxc5 {LiveBook: 3 Games} 8. O-O {The position is equal.} O-O 9. Nbd2 Qb6 10. a4 Na7 $146 ({Predecessor:} 10... Bd7 11. Qb3 Nb8 12. c4 Bxb5 13. axb5 {0-1 (51) Niehaus,S (2165)-Lunkmoss,G (2160) Germany 1998}) 11. c4 Nxb5 12. cxb5 Rd8 13. Rc1 Bd6 14. Ne5 {Threatens to win with Ndc4!} Bb8 $2 (14... Qa7 $14) 15. Ndc4 $1 $18 {[%cal Rc4b6]} Qa7 {[#]} 16. b4 $2 (16. Bg5 $1 $18) 16... axb4 $11 {...Ne4 is the strong threat.} 17. a5 Nd7 (17... Bd7 $5 {[%cal Rd5c4]} 18. Nb6 Bxb5 $15) 18. Qh5 $1 {[%cal Rh5f7]} Rf8 $1 {Strongly threatening ...Nf6.} ({Don't go for} 18... dxc4 $2 19. Qxf7+ Kh8 20. Qe7 $18) 19. Nxd7 (19. Nb6 $5 Bxe5 20. Bxe5 Nxb6 21. axb6 Qxb6 {[#]} 22. Bxg7 $1 {[%mdl 512]} Kxg7 23. Qg5+ Kh8 24. Qf6+ Kg8 25. Qg5+ Kh8 26. Qf6+ Kg8 27. Qg5+ Kh8 $11) 19... Bxd7 20. Nb6 ({White must play} 20. Bh6 $1 $15 gxh6 21. Nb6 Bxb5 22. Qg4+ Kh8 23. Qxb4 Bxh2+ 24. Kxh2 Qxa5 25. Qd4+ e5 26. Qxe5+ f6 27. Qd6 Bxf1 28. Nxa8 Qxa8 29. Rxf1) 20... Bxb5 $19 {Hoping for ...Bxf4.} 21. Nc8 $2 {[%mdl 8192]} (21. Bh6 $17 {is more resistant.} gxh6 22. Qg4+ Kh8 23. Qxb4 Bxh2+ 24. Kxh2 Qxa5 25. Qd4+ e5 26. Qxe5+ f6 27. Qd6 Bxf1 28. Nxa8 Qxa8 29. Rxf1) 21... Qxa5 22. Bh6 gxh6 23. Ne7+ Kh8 24. Qxh6 Be5 {[%cal Bb8e5,Be5g7,Bg7d4][%mdl 32]} 25. Qg5 Bg7 26. Rfd1 b3 {[%cal Bb4b3,Bb3b2][%mdl 32]} 27. Rd4 b2 28. Rcd1 Qa1 29. h4 Bxd4 {Precision: White = 45%, Black = 46%.} 0-1

[Event "83rd ESP-ch Women-ch 2018"]
[Site "Linares"]
[Date "2018.08.21"]
[Round "2"]
[White "Sole Pijuan, Ferran"]
[Black "Salgado Lopez, Ivan"]
[Result "0-1"]
[WhiteElo "2320"]
[BlackElo "2643"]
[Annotator "TA"]
[PlyCount "62"]
[EventDate "2018.08.09"]
[EventType "tourn"]
[EventCountry "ESP"]
[SourceTitle "playchess.com"]
[Source "ChessBase"]
[SourceQuality "1"]

{[%evp 18,62,14,12,18,18,27,18,13,15,12,18,5,0,0,-30,-9,-14,-2,-17,-14,-55,-15,-17,-5,-41,-43,-45,-38,-87,-80,-113,-112,-214,-197,-455,-440,-420,-83,-85,-75,-509,-512,-29978,-29979,-29994,-29995]} 1. d4 Nf6 2. c4 d6 3. Nc3 Nbd7 {[%cal Bb8d7,Bd7c5,Bc5d3][%mdl 32]} 4. e4 e5 5. d5 Nc5 6. Bd3 Nxd3+ 7. Qxd3 g6 8. Nge2 Bg7 9. O-O O-O 10. Ng3 h5 {E70: Königsindisch (Weiß spielt früh e2-e4)} 11. Bg5 Qd7 12. f3 $146 ({Vorgänger:} 12. Qd2 Nh7 13. Bh6 h4 14. Bxg7 Kxg7 15. Nge2 Qe7 16. f4 exf4 17. Nxf4 Ng5 18. h3 {½-½ (53) Nisman,B (2370)-Petrosian,A (2475) Warsaw 1989}) 12... Nh7 {Die Stellung ist ausgeglichen.} 13. Be3 h4 14. Nh1 f5 15. exf5 gxf5 16. f4 Qf7 17. Nf2 Nf6 18. Rac1 Bd7 19. b4 exf4 20. Bxf4 Rae8 21. Bg5 Qh5 22. Bf4 a6 23. c5 {[#]} Ne4 $1 {[%mdl 512]} 24. Nfxe4 (24. Ncxe4 fxe4) 24... fxe4 25. Qd2 (25. Qe3 $17) 25... h3 $19 26. g3 $2 {[#]} (26. Qe3) 26... e3 $1 {[%mdl 512]} 27. Bxe3 Qe5 $2 (27... Rxf1+ $19 {bietet bessere Gewinnchancen.} 28. Rxf1 Bxc3 29. Qxc3 Qe2) 28. Rxf8+ $17 Rxf8 {[%cal Be8f8,Bf8f3,Bf3d3][%mdl 32]} 29. Bf2 $2 {[%mdl 8192]} (29. Bf4 $17 {leistet mehr Widerstand.} Qd4+ 30. Qxd4 Bxd4+ 31. Kf1) 29... Rf3 $19 30. Ne2 (30. Nd1 $19 Qe4 31. Ne3 dxc5 32. Re1) 30... Qe4 31. Bd4 Rd3 {Precision: Weiß = 13%, Schwarz = 51%.} 0-1

[Event "83rd ESP-ch Women-ch 2018"]
[Site "Linares"]
[Date "2018.08.21"]
[Round "2"]
[White "Serarols Mabras, Bernat"]
[Black "Santos Latasa, Jaime"]
[Result "1/2-1/2"]
[WhiteElo "2313"]
[BlackElo "2582"]
[Annotator "TA"]
[PlyCount "111"]
[EventDate "2018.08.09"]
[EventType "tourn"]
[EventCountry "ESP"]
[SourceTitle "playchess.com"]
[Source "ChessBase"]
[SourceQuality "1"]

{[%evp 10,111,23,9,23,30,22,-8,-6,-7,-8,-7,0,-25,0,-12,-13,-31,-18,-20,-11,-11,-14,-44,0,0,0,0,0,0,0,6,72,0,0,0,0,0,134,144,259,261,231,117,114,116,115,70,114,13,54,8,3,-35,0,0,0,-25,-9,0,-11,-169,-125,-236,-37,-62,-14,-23,14,24,22,0,0,0,0,0,0,0,0,0,0,0,13,0,0,0,1164,0,0,-6,0,-18,0,0,0,0,0,-3,0,0,0,0,0,0]} 1. d4 f5 2. Nc3 Nf6 3. Bg5 d5 4. Bxf6 exf6 5. e3 Be6 6. Nge2 {LiveBook: 29 Games} g6 {A80: Dutch Defence: Unusual White second moves} (6... Bd6 7. Nf4 Bxf4 8. exf4 c6 9. g3 Nd7 10. Bg2 Nb6 11. O-O O-O 12. Qd3 Nc4 13. b3 Nd6 14. Nd1 {0-1 (81) Granda Zuniga,J (2646)-L'Ami,E (2605) Reykjavik 2015 CBM 166 [Sagar Shah]}) 7. Nf4 Bf7 8. Bb5+ $146 ({Predecessor:} 8. a3 c6 9. h3 Bd6 10. g4 Qe7 11. Qf3 fxg4 12. hxg4 Nd7 13. Bd3 O-O-O {½-½ (73) Winants,L (2534)-Berelowitsch,A (2543) Belgium 2013}) 8... c6 9. Bd3 Nd7 10. h4 h5 11. a3 Qb6 12. Rb1 Bd6 13. Nce2 Qc7 14. Kf1 b5 15. Qc1 Kf8 16. a4 a6 17. b3 bxa4 18. c4 axb3 19. c5 Be7 20. Rxb3 Kg7 (20... a5 $11 {keeps the balance.}) 21. g3 (21. g4 $16) 21... a5 $11 22. Kg2 Rhb8 23. Ra3 Bd8 {[#]} (23... Qb7 $11) 24. g4 $1 $16 {[%cal Rg4f5][%mdl 512]} Ne5 (24... fxg4 $16 25. Bxg6 Bxg6 26. Ne6+ Kh7 27. Nxc7 Be4+ 28. Kg1 Bxc7) 25. dxe5 $18 fxe5 {[#]} 26. gxf5 (26. gxh5 $1 $18 gxh5 27. Nh3 (27. Bxf5 exf4 28. Nxf4 a4 $16)) 26... exf4 $16 27. fxg6 ({Much worse is} 27. exf4 $6 gxf5 28. Bxf5 Bf6 $15) 27... f3+ 28. Kxf3 Be6 29. Nf4 (29. Ra4 $16) 29... Bg4+ $11 30. Kg3 Bf6 31. Ra4 Rb3 32. Bc2 Rb4 33. Bd1 Rxa4 34. Bxa4 Be5 35. Bd1 $2 (35. Kg2 $11 {and White stays safe.}) 35... Qd7 $19 36. Kg2 {[#]} (36. f3 $17 Bf5 37. Kf2) 36... Bxf4 $2 ({Better is} 36... a4 $1 $19 37. f3 a3) 37. exf4 $15 Rf8 38. Re1 Kxg6 39. Re5 {Strongly threatening Rg5+.} Bf5 40. Bc2 Kh6 {...Bxc2 is the strong threat.} 41. Kh2 Qd8 42. Bxf5 Rxf5 $11 {[%mdl 4096] Endgame KQR-KQR} 43. Re6+ (43. Rxf5 $2 {too greedy.} Qxh4+ 44. Kg2 Qg4+ 45. Kh2 Qxf5 $19) 43... Kh7 44. Kh3 Qg8 45. Re7+ Kh6 46. Kh2 d4 {aiming for ...Qg4.} 47. Qe1 {And now Re6+ would win.} Qf8 $2 {[%mdl 8192]} (47... d3 $11) 48. Qe6+ $2 (48. Qe4 $18 Rf7 49. Re6+ Kg7 50. Qe5+ Kg8 51. Re8) 48... Qf6 {The position is equal.} 49. Qxf6+ Rxf6 {KR-KR} 50. Re4 Rf5 51. Rxd4 Rxc5 52. Kg3 Kg6 53. f3 Rd5 54. Rc4 c5 55. Ra4 Rf5 56. Rxa5 {Precision: White = 42%, Black = 48%.} 1/2-1/2

[Event "83rd ESP-ch Women-ch 2018"]
[Site "Linares"]
[Date "2018.08.21"]
[Round "2"]
[White "Calzetta Ruiz, Monica"]
[Black "Santos Ruiz, Miguel"]
[Result "0-1"]
[WhiteElo "2302"]
[BlackElo "2517"]
[Annotator "TA"]
[PlyCount "90"]
[EventDate "2018.08.09"]
[EventType "tourn"]
[EventCountry "ESP"]
[SourceTitle "playchess.com"]
[Source "ChessBase"]
[SourceQuality "1"]

{[%evp 22,89,-56,-35,-24,-24,-9,-9,0,-26,58,0,0,-95,-133,-139,-128,-186,-179,-174,-159,-163,-161,-160,-156,-138,-147,-130,-15,-31,26,-154,-3,-231,-133,-113,0,-255,-253,-257,-262,-262,-258,-445,-282,-405,-394,-387,-381,-381,-375,-370,-335,-299,-125,-108,-154,-483,-442,-514,-513,-29981,-29981,-11729,-6314,-29995,-29996,-29998,-29999,-29999]} 1. e4 c5 2. Nf3 d6 3. d4 cxd4 4. Nxd4 Nf6 5. Nc3 a6 6. Bg5 e6 7. Qe2 Be7 8. f4 h6 9. Bh4 {B98: Sicilian Najdorf: 6 Bg5 e6 7 f4 Be7, sidelines} (9. Bxf6 Bxf6 10. O-O-O Qc7 11. Qd2 Bd7 12. Kb1 b5 13. g4 b4 14. Nce2 Nc6 15. Nf3 Be7 16. h4 a5 {½-½ (48) Jobava,B (2669)-Yilmaz,M (2622) Izmir 2016}) 9... Nxe4 10. Bxe7 Nxc3 11. Qc4 Kxe7 12. Qxc3 {LiveBook: 19 Games} Qb6 13. O-O-O Bd7 14. Qe3 Ke8 $146 ({Predecessor:} 14... Qa5 15. Bc4 Rc8 16. Bb3 Nc6 {1-0 (44) Sukaylo,A (2007)-Schroeder,K (1996) Hannover 2012}) 15. Qg3 {aiming for f5.} Nc6 (15... Kf8 $11) 16. Qxg7 (16. f5 $14 Nxd4 17. Qxg7) 16... Ke7 $11 {[%cal Be8e7,Be7d8,Bd8c8,Bc8c7][%mdl 32]} 17. Nf5+ (17. Nxc6+ $11 Bxc6 18. Qg4) 17... exf5 $17 18. Bc4 Raf8 $1 (18... Qe3+ 19. Kb1 $16) 19. Rhe1+ (19. Bxf7 $17 {might work better.} Kd8 20. Rd3) 19... Kd8 $19 20. Bxf7 Qc5 21. g3 Kc8 22. Rd5 Qf2 23. Qc3 Kc7 (23... Qxh2 $6 24. Rxd6 Rd8 25. Be6 $11) 24. Red1 Rd8 (24... Be8 $1 $17 {[%cal Re8f7]} 25. Bxe8 Rxe8 26. Rxd6 Rh7) 25. Rxd6 $11 Bc8 ({Black should play} 25... Qe2 $15) 26. R6d5 $2 (26. Rxc6+ $1 $11 bxc6 27. Qe5+ Kb7 28. Qe7+ Rd7 29. Rxd7+ Bxd7 30. Qxd7+ Kb6 31. b3) 26... Qxh2 $2 ({Better is} 26... Rxd5 $17 27. Bxd5 Rd8) 27. b3 $2 ({Don't go for} 27. R1d2 $2 Qg1+ 28. Rd1 Qb6 $19) (27. R5d2 $1 $11 Qh3 28. Bd5 Rxd5 29. Qg7+ (29. Rxd5 Rg8 $15) 29... Kb8 30. Rxd5) 27... Rxd5 ({Weaker is} 27... Kb8 28. R5d2 $11) (27... Qf2 $19 28. Kb2 Kb8 29. Rxd8 Rxd8 30. Rxd8 Nxd8) 28. Bxd5 $17 {[#]} Rd8 ({Black should try} 28... Re8 $1 $17 {White must now prevent ...Bd7.} 29. Bxc6 bxc6 30. Qg7+ Kb8) 29. Rd2 $2 {[%mdl 8192]} (29. Kb2 $1 $11 {and White is okay.}) 29... Qg1+ $19 30. Kb2 {White wants to play Bxc6.} Qe1 31. Qd3 Qe7 32. Re2 $2 (32. Qc3 {is a better defense.} Qb4 33. Rd3) 32... Qd6 33. c4 (33. Bc4 {was the only chance.}) 33... Nb4 34. Qc3 Nxd5 35. cxd5+ Kb8 36. Re5 Rd7 37. Re8 {[#]} Rc7 (37... Qc7 $1 $19 {is more deadly.} 38. Qd4 Rd8 39. Rxd8 Qxd8 40. Qe5+ Ka7) 38. Qe5 $17 Qd7 39. d6 $2 (39. a4 $17) 39... Rc6 $19 40. a4 Qxd6 41. Qxf5 (41. Qxd6+ $19 Rxd6 42. Re3) 41... Qd2+ 42. Ka3 Qc1+ 43. Kb4 Rb6+ {Black mates.} 44. Ka5 Qc3+ 45. Kxb6 Qc7# {Precision: White = 40%, Black = 43%.} 0-1

[Event "83rd ESP-ch Women-ch 2018"]
[Site "Linares"]
[Date "2018.08.21"]
[Round "2"]
[White "Diaz Castro, Sergio"]
[Black "Arizmendi Martinez, Julen Luis"]
[Result "0-1"]
[WhiteElo "2289"]
[BlackElo "2507"]
[Annotator "TA"]
[PlyCount "113"]
[EventDate "2018.08.09"]
[EventType "tourn"]
[EventCountry "ESP"]
[SourceTitle "playchess.com"]
[Source "ChessBase"]
[SourceQuality "1"]

{[%evp 19,113,9,11,-17,-28,-31,-26,-27,-27,-27,26,22,14,12,30,1,24,14,31,9,9,9,9,8,10,11,12,12,13,12,8,0,-10,-22,-19,-29,-8,-25,-8,-8,-8,-8,-8,-8,-8,-8,-8,-40,-31,-59,-54,-54,-57,-175,-69,-21,-43,-301,-8,-24,0,0,0,-8,0,-52,-52,-88,-83,-85,-74,-86,-20,-20,0,-93,-31,-287,-241,-261,-233,-1155,-1140,-1126,-1126,-3283,-3050,-2144,-1940,-29936,-5628,-29969,-29959,-29986,-29987,-29990]} 1. e4 e6 2. d4 d5 3. Nc3 Bb4 4. e5 Ne7 5. a3 Bxc3+ 6. bxc3 c5 7. Qg4 Kf8 8. Nf3 Qa5 9. Bd2 Qa4 10. c4 {C18: French: 3 Nc3 Bb4: Main line: 7 h4 and 7 Qg4} (10. Bd3 h6 11. O-O b6 12. h3 Nd7 13. Be3 c4 14. Be2 Qxc2 15. Rfc1 Qxe2 {0-1 (15) Wei,Y (2739)-Ivanchuk,V (2729) Medias 2017}) 10... Qxc2 {LiveBook: 3 Games} 11. Rc1 $146 ({Predecessor:} 11. dxc5 h6 12. Be2 Nbc6 13. h4 Qe4 14. Qf4 Ng6 15. Qe3 Qxe3 16. fxe3 Ngxe5 17. cxd5 exd5 18. Nxe5 Nxe5 {½-½ (36) Sergeev,V (2425)-Schwenteck,C (2508) ICCF email 2012}) 11... Qe4+ 12. Qxe4 {Black has an edge.} dxe4 13. Ng5 cxd4 14. Nxe4 Nbc6 (14... Bd7 $142) 15. f4 $1 $11 Nf5 16. Bd3 Ke7 17. Kf2 h5 18. Rb1 Rb8 19. Rb3 b6 20. c5 {Threatening Rhb1.} Bd7 21. Rhb1 {[%cal Rc5b6]} bxc5 $1 22. Nxc5 Rxb3 23. Rxb3 {aiming for Rb7.} Rb8 $1 24. Rxb8 Nxb8 25. Nxd7 Kxd7 {[%mdl 4096] Endgame KBB-KNN} 26. Bb5+ Nc6 27. Bb4 f6 28. Kf3 fxe5 29. fxe5 Kc7 30. Ke4 $1 Nxb4 31. axb4 {KB-KN} Ne3 32. Kxd4 Nxg2 33. Bc4 Kd7 34. Kc5 Ne3 35. Be2 h4 36. Kb5 (36. Kd4 $15 Nd5 37. b5) 36... Kc7 (36... g5 $1 $19 {[%cal Rg5g4]} 37. Ka6 g4) 37. Ka6 $1 $15 {[%cal Ra6a7]} Kb8 {And now ...h3 would win.} 38. b5 $2 {[%mdl 8192]} (38. h3 $1 $15) 38... Nd5 $2 (38... h3 $1 $19 {White must now prevent ...g6.} 39. Ka5 g5) 39. Bg4 $11 Nc7+ 40. Ka5 Kc8 41. Kb4 Kd7 42. Kc5 (42. Bf3 $11) 42... Nd5 $15 43. Bf3 Nf4 44. Kd4 g5 45. Bg4 Nd5 (45... Kc8 $1 $17) 46. Bh3 $11 Nf4 (46... Ne7 $11) 47. Bg4 $17 Kd8 (47... Kc8 $1 $17) 48. Bd1 $2 {[%mdl 8192]} ({Better is} 48. Kc4 $15) 48... Kc7 $1 $19 49. Kc5 {[#]} Ng6 $1 50. Bg4 $2 (50. Kd4) 50... Nxe5 51. Bxe6 {[#]} g4 $1 {[%cal Bg5g4,Bg4g3][%mdl 32]} 52. Kd4 Nf3+ 53. Ke3 Nxh2 54. Kf4 Kb6 55. Bc4 g3 56. Ke3 Ng4+ 57. Kd4 {Precision: White = 35%, Black = 48%.} 0-1

[Event "83rd ESP-ch Women-ch 2018"]
[Site "Linares"]
[Date "2018.08.21"]
[Round "2"]
[White "Esquivias Quintero, Luis Manuel"]
[Black "Aroshidze, Levan"]
[Result "0-1"]
[WhiteElo "2260"]
[BlackElo "2504"]
[Annotator "TA"]
[PlyCount "78"]
[EventDate "2018.08.09"]
[EventType "tourn"]
[EventCountry "ESP"]
[SourceTitle "playchess.com"]
[Source "ChessBase"]
[SourceQuality "1"]

{[%evp 16,78,31,31,44,27,46,12,17,0,0,-7,25,22,30,27,39,18,2,3,10,11,23,-21,0,0,-3,-24,-34,-20,8,-32,-12,-77,-67,-84,125,143,148,138,153,147,135,128,127,-194,95,0,0,0,0,-61,-8,-8,-8,-30,-37,-37,-42,-51,-55,-5610,-5590,-5189,-4955]} 1. e4 c5 2. Nf3 e6 3. Nc3 a6 4. d4 cxd4 5. Nxd4 Qc7 6. Bd3 Nf6 7. f4 d6 8. Qf3 b5 9. g4 {LiveBook: 42 Games. B82: Sicilian Scheveningen: 6 f4} Nfd7 {[%cal Bf6d7,Bd7c5,Bc5d3][%mdl 32]} 10. Bd2 $146 ({Predecessor:} 10. Be3 Nc5 11. O-O Nbd7 12. a3 g6 13. Rac1 Bg7 14. b4 Nb7 15. Nce2 e5 16. Nf5 gxf5 17. exf5 {0-1 (32) Lie,K (2509)-Fedoseev,V (2641) Yerevan 2014}) 10... g6 11. a3 {White is slightly better.} Bg7 12. Qf2 Nc5 13. b4 Nxd3+ 14. cxd3 Bb7 15. Rc1 Qd8 16. O-O Nd7 17. Nce2 Rc8 $1 18. Rxc8 Qxc8 19. f5 exf5 20. gxf5 O-O 21. Qh4 Re8 22. Bh6 {aiming for Bxg7.} Bh8 23. Nf3 Qc2 24. Nf4 (24. Qh3 $1 $11 {remains equal.} Qxe2 25. fxg6) 24... Ne5 $17 25. Ng5 {[#]} Bf6 $2 (25... gxf5 $1 $17 {keeps the pressure on. And now ...Ng6 would win.} 26. Bf8 Kxf8 27. Qxh7 Ke7 28. Ng6+ Nxg6 29. Qxf7+ Kd8 30. Qxb7 Qc7 31. Qxa6 fxe4 32. Qxb5 (32. Qa8+ $2 Kd7 $19) 32... Be5 33. dxe4 Nf4) 26. fxg6 $16 fxg6 27. Nfe6 Rxe6 28. Qh3 Re8 {Hoping for ...Bc8.} 29. Rxf6 Qd1+ {[#]} 30. Kg2 $2 {[%mdl 8192]} (30. Rf1 $1 $16 {[%cal Rf1d1]} Qg4+ 31. Qxg4 Nxg4 32. Rf7 Nxh6 33. Rxb7) 30... Ng4 $2 (30... Bc8 $19 31. Qh4 Qe2+ 32. Rf2 Qg4+ 33. Qg3 Qxg3+ 34. Kxg3 Ng4) 31. Rf1 (31. Rf7 $16 {Intending Rg7+ and mate.} Nxh6 32. Qxh6 Qe2+ 33. Kg1 Qd1+ 34. Kg2 Qe2+ 35. Kg1 Qd1+ 36. Rf1 Qg4+ 37. Kh1) 31... Qe2+ $11 32. Kg1 Bc8 $36 {[%mdl 2048] Threatens to win with ...Ne3. Black has the initiative.} 33. Bg7 (33. Rf7 $11 Qe1+ 34. Rf1) 33... Qxh2+ (33... h5 $1 $15 34. Bd4 Qd2) 34. Qxh2 Nxh2 35. Kxh2 Kxg7 $15 {KRB-KRN} 36. Rf7+ Kh6 37. Nxh7 Be6 38. Rf8 $2 {[%mdl 8192]} (38. Rc7 $15) 38... Rxf8 $19 39. Nxf8 Bc8 {Precision: White = 39%, Black = 51%.} 0-1

[Event "83rd ESP-ch Women-ch 2018"]
[Site "Linares"]
[Date "2018.08.21"]
[Round "2"]
[White "Sanchez Jerez, Emilio Miguel"]
[Black "Garriga Cazorla, Pere"]
[Result "1/2-1/2"]
[WhiteElo "2246"]
[BlackElo "2444"]
[Annotator "TA"]
[PlyCount "60"]
[EventDate "2018.08.09"]
[EventType "tourn"]
[EventCountry "ESP"]
[SourceTitle "playchess.com"]
[Source "ChessBase"]
[SourceQuality "1"]

{[%evp 16,60,-12,-1,0,-10,-8,-24,-15,-15,-12,-15,-4,-8,-6,-12,0,0,0,0,0,0,0,0,0,0,0,-16,0,0,0,0,0,0,0,0,0,0,0,0,0,0,0,0,0,0,0]} 1. Nf3 Nf6 2. g3 g6 3. b3 Bg7 4. Bb2 c5 5. Bg2 d5 6. O-O O-O 7. e3 {A05: Réti Opening: 1 Nf3 Nf6} (7. c4 d4 8. e3 Nc6 9. exd4 cxd4 10. d3 Nd7 11. Re1 a5 12. Nbd2 Nc5 13. Ne4 Nxe4 14. Rxe4 Bf5 15. Re1 Qd7 16. Ba3 Rfe8 {1-0 (70) Caruana,F (2804)-Anand,V (2770) Leuven 2016}) 7... Nc6 8. Ne5 Nxe5 9. Bxe5 {LiveBook: 8 Games} Be6 10. d4 Rc8 11. c4 $146 ({Predecessor:} 11. Nd2 cxd4 12. Bxd4 Qa5 13. c4 dxc4 14. bxc4 b6 {½-½ (56) Grigoryan,K (2571)-Karavade,E (2391) chess.com INT 2018}) 11... cxd4 12. Qxd4 {The position is equal.} dxc4 13. Bxb7 Qxd4 14. exd4 Rcd8 15. Nc3 cxb3 16. axb3 Bxb3 17. Rxa7 Rd7 18. Rfa1 Ng4 19. Bxg7 Kxg7 20. R1a3 Bc4 21. R3a4 Rxd4 22. Ba6 Ne5 23. Bxc4 Rxc4 24. Rxc4 Nxc4 25. Rxe7 $11 {[%mdl 4096] Endgame KRN-KRN} Rd8 26. h4 h6 27. Kg2 Rd6 28. Re4 Nb6 29. Re7 Nd5 30. Nxd5 Rxd5 {Precision: White = 73%, Black = 88%.} 1/2-1/2

[Event "83rd ESP-ch Women-ch 2018"]
[Site "Linares"]
[Date "2018.08.21"]
[Round "2"]
[White "Orantes Taboada, Francisco"]
[Black "Ladron de Guevara Pinto, Paolo"]
[Result "1/2-1/2"]
[WhiteElo "2242"]
[BlackElo "2424"]
[Annotator "TA"]
[PlyCount "70"]
[EventDate "2018.08.09"]
[EventType "tourn"]
[EventCountry "ESP"]
[SourceTitle "playchess.com"]
[Source "ChessBase"]
[SourceQuality "1"]

{[%evp 17,70,-70,-69,-83,-74,-81,-79,-77,-72,-82,16,4,38,29,31,19,128,118,145,162,216,172,174,160,106,105,188,182,195,195,207,202,215,217,244,237,369,241,361,339,308,92,150,0,0,0,0,0,-3,-3,8,8,8,8,8]} 1. Nf3 d5 2. g3 g6 3. Bg2 Bg7 4. O-O Nf6 {[%cal Bg8f6,Bf6d5,Bd5b4][%mdl 32]} 5. d4 O-O 6. c4 c6 7. Nc3 dxc4 8. a4 Nd5 9. a5 {D78: Grünfeldindisch (Fianchetto 6.0-0 c6)} Na6 {LiveBook: 3 Partien} 10. e4 {[#]} Ndb4 $1 11. Be3 {Schwarz steht besser.} Bg4 $146 ({Vorgänger:} 11... b5 12. axb6 axb6 13. h3 Bb7 14. Qd2 e6 15. Rfd1 c5 16. d5 exd5 17. exd5 {0-1 (31) Radovic,L (2260)-De Jong,J (2447) Novi Sad 2016}) 12. h3 Bxf3 13. Bxf3 e5 (13... Nd3 $17 14. e5 Nab4) 14. d5 $11 cxd5 15. Nxd5 Nxd5 16. exd5 {Mit der Idee d6.} f5 (16... Rc8 $11 {bleibt in der Remisbreite.}) 17. d6 $36 {[%mdl 2048] Schwarz steht unter starkem Druck.} Qd7 18. Qa4 Rad8 (18... Qxa4 $142 19. Rxa4 (19. Bd5+ Kh8 $16) 19... Rad8) 19. Bd5+ (19. Bxa7 e4 $14) 19... Kh8 {[#]} 20. Qxd7 $1 ({Und nicht} 20. Qxc4 Rf6 $11) ({Schwächer ist} 20. Bxc4 Qxa4 21. Rxa4 Rxd6 $11) ({Keinesfalls} 20. Bxa7 $6 Qxd6 21. Bxb7 Nc5 $14) 20... Rxd7 21. Bxa7 Rf6 (21... Rxd6 $16 22. Bxb7 Rf7 23. Bxa6 Rxa6) 22. Bxc4 $18 Rfxd6 23. Bb5 Rd8 24. Bb6 Rc8 25. Rac1 Rxc1 26. Rxc1 Bf6 {[#]} (26... h5 {ist wohl besser.} 27. Rc8+ Kh7) 27. b4 $1 {[%mdl 512]} f4 (27... e4 {war nötig.} 28. Rc8+ Kg7) (27... Nxb4 28. Rc8+) 28. Bxa6 bxa6 {[%mdl 4096] Endspiel KTL-KTL} 29. b5 $2 (29. Kg2 $18) 29... axb5 $16 30. Ra1 (30. Kg2 $16) 30... Bd8 $1 $11 {[%cal Rd8b6] Die Stellung ist ausgeglichen.} 31. Bxd8 Rxd8 32. Rb1 fxg3 33. fxg3 b4 34. Rxb4 Rd1+ $1 35. Kf2 {Schwarz sollte Tb7 verhindern.} Ra1 {Precision: Weiß = 58%, Schwarz = 46%.} 1/2-1/2